Teoretická elektrotechnika 1

Bibliographic Details
Main Authors: Neveselý, Miloslav (Author), Šuriansky, Jozef, 1954- (Author)
Format: Book
Language:Slovak
PhysicalDescription:151 s. sch., tab. 30 cm
Published: V Liptovskom Mikuláši Vojenská akadémia 1998
ISBN:8080400644
Subjects:

MARC

LEADER 00000nam a2200000 a 4500
001 vtls001337047
003 SK-MaSNL
005 20260301143707.0
008 240509s1998 xo ap r yy 0 slo
015 |a SNBA1998/10-03841 
020 |a 8080400644 
035 |a SNK000290039 
035 |a urn:nbn:sk:snk-amtjqd 
035 |a urn:nbn:sk:snk-am00c632 
035 |a 36CDAB3A-82BC-4683-BA6D-98E3C1E93AA1 
040 |a SNK  |b slo  |c SNK  |e AACR2 
041 0 |a slo 
044 |a xo  |c SK 
080 |a 621.3.01(075.8)  |2 1981 
100 1 |a Neveselý, Miloslav  |4 aut  |9 277820 
245 1 0 |a Teoretická elektrotechnika  |n 1  |c Miloslav Neveselý, Jozef Šuriansky 
260 |a V Liptovskom Mikuláši  |b Vojenská akadémia  |c 1998 
300 |a 151 s.  |b sch., tab.  |c 30 cm 
500 |a 100 výt. 
504 |a Bibliogr. s. 148 
650 0 7 |a elektrotechnika  |2 SNK  |9 3619 
655 7 |a Textbooks (higher)  |2 SNKPHeng  |9 276436 
655 7 |a učebnice vysokých škôl  |2 SNKPH  |9 70191 
700 1 |a Šuriansky, Jozef,  |d 1954-  |4 aut  |9 205315 
752 |d Liptovský Mikuláš 
919 |a 80-8040-064-4 
958 |a TL 
958 |a NB 
958 |a UV 
999 |c 774539  |d 776469 
952 |t P60, <04>, [BOOK], {604}  |a SNK  |b SNK  |y VYP  |7 0  |p 17A0147430  |o snkSB 59193/1 D1  |i snkKSP 7264/98  |0 0  |1 0  |4 0  |d 1998-07-15  |l 0  |r 2005-01-02 00:00:00  |w 2026-02-24 
952 |t P60, <03>, [BOOK], {603}  |a SNK  |b SNK  |y PREZ  |7 0  |p 17A0147431  |o snkSB 59193/1  |i snkKSP 7263/98  |0 0  |1 0  |4 0  |d 1998-07-15  |f 1  |l 0  |r 2025-04-11 00:00:00  |w 2026-02-24